|
|
|
|
| LEADER |
01047pam a22002898a 4500 |
| 001 |
00027433 |
| 008 |
111111s2011 ||||||Viesd |
| 005 |
20171026081023.0 |
| 041 |
0 |
# |
|a Vie
|
| 082 |
1 |
4 |
|a 395.209 597
|b Đ104C
|
| 100 |
1 |
# |
|a Trần, Hữu Sơn
|
| 245 |
1 |
0 |
|a Đám cưới người Dao Tuyển
|c Trần Hữu Sơn
|
| 260 |
# |
# |
|b Thanh niên
|c 2011
|a Hà Nội
|
| 300 |
# |
# |
|a 326 tr.
|c 21 cm.
|
| 500 |
# |
# |
|a ĐTTS ghi : Hội văn nghệ dân gian Việt Nam
|
| 504 |
# |
# |
|a Tài liệu tham khảo tr. 321-324
|
| 650 |
# |
4 |
|a Dao (Dân tộc Việt Nam)
|x Đời sống xã hội và tập quán
|
| 650 |
# |
4 |
|a Phong tục tập quán
|x Lễ cưới
|
| 653 |
# |
# |
|a Lễ cưới
|
| 653 |
# |
# |
|a Người Dao
|
| 710 |
2 |
# |
|a Hội văn nghệ dân gian Việt Nam
|
| 852 |
# |
# |
|b Kho đọc
|j KD.0012000
|
| 852 |
# |
# |
|j KD.0012000
|
| 910 |
0 |
# |
|a Ntuyet
|d 11/11/2011
|
| 980 |
# |
# |
|a Trung tâm Học liệu Lê Vũ Hùng, Trường Đại học Đồng Tháp
|